000 01040nam a22002417a 4500
005 20170124103121.0
010 _aB-081991
020 _c00.00
035 _aB-081991
037 _bCen Lib / Ret
040 _aDPL
_bHN
082 _a335.4
_bमाओज़े
100 _aमाओ ज़े-दुंग
_982017
245 _aकला और साहित्य /
_cमाओ ज़े-दुंग ; अनुवाद और संपादन नरेश
246 _aKala or sahitya /
_bby Mao Ze-Dung ; anuvadak aur sampadak Naresh
260 _aनयी दिल्ली
_bप्रकाशन संस्थान
_c2003
270 _a4715/21, दयान्द मार्ग, दरियागंज
_bनयी दिल्ली
_e110002
300 _a63पृ.
_c21सेमी (सजिल्द)
650 _aसाहित्य--कला
_942948
650 _aLiterature - Arts
_982018
700 _aनरेश
_941420
942 _2ddc
_cHN
_h335.4
_mमाओज़े
999 _c118812
_d118812